1682 1510 1688 1589 1222 1945 1873 1762 1479 1798 1339 1322 1554 1351 1995 1588 1568 1045 1964 1875 1662 1099 1058 1558 1270 1545 1585 1053 1673 1217 1943 1344 1904 1766 1024 1051 1459 1220 1011 1055 1133 1891 1466 1856 1350 1807 1879 1803 1540 1648 1208 1249 1851 1185 1247 1144 1841 1098 1980 1446 1027 1621 1403 1687 1992 1507 1034 1869 1226 1747 1295 1854 1926 1443 1906 1234 1141 1839 1279 1488 1861 1472 1752 1780 1394 1451 1417 1825 1257 1248 1156 1095 1337 1843 1459 1888 1325 1213 1700 BCNSPRNW ULIB Ver.6.0+V

เปลี่ยนเป็นภาษาไทย

Change to English
 แสดงรายละเอียดบรรณานุกรม
  กลับหน้าหลัก

Brief Record : Get Marc (ISO 2709) : E-mail record : QR code < ปิดหน้าต่าง
LEADER : 00000nam 2200000uu 4500
001    13399115195
003     ULIB
008    000529s2544 th 000 0 tha d
020    ^a9789742227210
050  4 ^aBQ^bว357จ 2544
100 0  ^aวศิน อินทสระ
245 10 ^aจริยศาสตร์ /^cวศิน อินทสระ
250    ^aพิมพ์ครั้งที่ 2
260    ^aกรุงเทพฯ :^bบรรณกิจ,^c2544
300    ^a503 หน้า ;^c18 ซม.
500    ^aSend to Single Search
650  4 ^aจริยศาสตร์
945    ^p200^l0^i11877
995    ^aกัณชพร
999 ^a ใช้งานได้ทุกระบบ
รายการนี้ยังไม่มีแท็ก
คุณยังไม่ได้ล็อกอิน คุณสามารถมีกิจกรรมร่วมกับเว็บไซต์ได้ แต่ต้องล็อกอินก่อน ::
  ล็อกอิน

รายการสื่อสารสนเทศ

ลำดับที่ ประเภท เลขเรียก/บาร์โค้ด สถานที่ สถานะ
- ไม่พบข้อมูล -

รายการใกล้เคียง
    ผู้แต่ง [วศิน อินทสระ]

    หัวเรื่อง [จริยศาสตร์]

BibComment


ยังไม่เคยถูกคอมเมนท์

คอมเมนท์ทรัพยากรรายการนี้
  คอมเมนท์: จริยศาสตร์ วศิน..


 Copyright 2026. Bcnsprnw @Library